000 00401nam a2200145Ia 4500
008 230718s9999 xx 000 0 und d
041 _aeng
082 _a670
_bRAD
100 _aRadhakrishnan P.
_9128033
245 _aManufacturing Technology Vol - I
260 _bScitech Publications
365 _cRs.
_b205.00
700 _aRadhakrishnan P.
_9128033
906 _dB:107080033314-Jul-2007
_cCOMP
_b41
999 _c317292
_d317292